• AIU
  • Tony Wilmot Memorial Library

The New Testament documents, (Record no. 54066)

MARC details
000 -LEADER
fixed length control field 01034cam a22002771 4500
001 - CONTROL NUMBER
control field 5893073
003 - CONTROL NUMBER IDENTIFIER
control field OSt
005 - DATE AND TIME OF LATEST TRANSACTION
control field 20120419154835.0
008 - FIXED-LENGTH DATA ELEMENTS--GENERAL INFORMATION
fixed length control field 721221s1913 enka b 000 0 eng
010 ## - LIBRARY OF CONGRESS CONTROL NUMBER
LC control number 13012888
035 ## - SYSTEM CONTROL NUMBER
System control number (OCoLC)522607
040 ## - CATALOGING SOURCE
Original cataloging agency DLC
Transcribing agency OKentU
Modifying agency PPLT
-- DLC
050 00 - LIBRARY OF CONGRESS CALL NUMBER
Classification number BS2375
Item number .M55
100 1# - MAIN ENTRY--PERSONAL NAME
Personal name Milligan, George,
Dates associated with a name 1860-1934.
9 (RLIN) 14444
245 14 - TITLE STATEMENT
Title The New Testament documents,
Remainder of title their origin and early history,
Statement of responsibility, etc by George Milligan...With twelve fac-similes.
260 ## - PUBLICATION, DISTRIBUTION, ETC. (IMPRINT)
Place of publication, distribution, etc London,
Name of publisher, distributor, etc Macmillan and co., limited,
Date of publication, distribution, etc 1913.
300 ## - PHYSICAL DESCRIPTION
Extent 322 p.
Other physical details illus.
Dimensions 23 cm.
500 ## - GENERAL NOTE
General note "The Croall lectures for 1911-12."
500 ## - GENERAL NOTE
General note "Some books for the study of the Greek papyri": p. [233]-236.
500 ## - GENERAL NOTE
General note "Recent literature on the canon of the New Testament": p. [301]-305.
630 00 - SUBJECT ADDED ENTRY--UNIFORM TITLE
Uniform title Bible.
Name of part/section of a work N.T.
General subdivision Introductions.
650 #0 - SUBJECT ADDED ENTRY--TOPICAL TERM
Topical term or geographic name as entry element Manuscripts, Greek (Papyri)
General subdivision Bibliography.
9 (RLIN) 14445
730 0# - ADDED ENTRY--UNIFORM TITLE
Uniform title Croall lectures, 1911-1912.
9 (RLIN) 14446
906 ## - LOCAL DATA ELEMENT F, LDF (RLIN)
a 7
b cbc
c oclcrpl
d u
e ncip
f 19
g y-gencatlg
942 ## - ADDED ENTRY ELEMENTS (KOHA)
Source of classification or shelving scheme Library of Congress Classification
Koha item type Books
Holdings
Withdrawn status Lost status Source of classification or shelving scheme Damaged status Not for loan Collection code Home library Current library Shelving location Date acquired Total Checkouts Full call number Barcode Date last seen Copy number Price effective from Koha item type
    Library of Congress Classification     General Circulation AIU/NEGST - Tony Wilmot Memorial Library AIU/NEGST - Tony Wilmot Memorial Library General Stacks 04/19/2012   BS 375 .M55 1913 R01394F3232 09/26/2019 1 04/19/2012 Books